El resurgir del eje cafetero : (Registro nro. 6236)
[ vista simple ]
| 000 -LEADER | |
|---|---|
| fixed length control field | 01609nam a2200289Ia 4500 |
| 003 - CONTROL NUMBER IDENTIFIER | |
| control field | OSt |
| 005 - DATE AND TIME OF LATEST TRANSACTION | |
| control field | 20200923235756.0 |
| 008 - FIXED-LENGTH DATA ELEMENTS--GENERAL INFORMATION | |
| fixed length control field | 191128s2002 ck aodbgr 000 0 spa d |
| 020 ## - INTERNATIONAL STANDARD BOOK NUMBER | |
| International Standard Book Number | 9588025427 |
| 040 ## - CATALOGING SOURCE | |
| Original cataloging agency | CO-JMCR |
| Transcribing agency | CO-JMCR |
| 041 0# - LANGUAGE CODE | |
| Language code of text/sound track or separate title | spa |
| 082 04 - DEWEY DECIMAL CLASSIFICATION NUMBER | |
| Classification number | 918.613 / |
| Item number | L168r |
| Edition number | 23 |
| 100 1# - MAIN ENTRY--PERSONAL NAME | |
| Personal name | Lafourcade, Oliver, |
| Relator term | autor |
| 9 (RLIN) | 7401 |
| 245 13 - TITLE STATEMENT | |
| Title | El resurgir del eje cafetero : |
| Remainder of title | lecciones de la reconstrucción física y social / |
| Statement of responsibility, etc. | Oliver Lafourcade, Fernando A. Cossio, Andrés Pastrana Arango [y otros 32] |
| 250 ## - EDITION STATEMENT | |
| Edition statement | Primera edición |
| 260 ## - PUBLICATION, DISTRIBUTION, ETC. | |
| Place of publication, distribution, etc. | Bogotá : |
| Name of publisher, distributor, etc. | Departamento Nacional de Planeación, |
| Date of publication, distribution, etc. | 2002 |
| 300 ## - PHYSICAL DESCRIPTION | |
| Extent | 351 páginas : |
| Other physical details | ilustraciones, fotografías, gráficos y mapas a color ; |
| Dimensions | 24 cm + |
| Accompanying material | 1 CD-ROM |
| 504 ## - BIBLIOGRAPHY, ETC. NOTE | |
| Bibliography, etc. note | Referencias bibliográficas al final de cada capítulo. |
| 505 0# - FORMATTED CONTENTS NOTE | |
| Formatted contents note | Instalación -- La experiencia de la reconstrucción posdesastre en el eje cafetero -- El gobierno, la sociedad civil y el estado en la reconstrucción física y social : un nuevo modelo de política pública -- Lecciones y aprendizajes: replicabilidad del mod |
| 520 3# - SUMMARY, ETC. | |
| Summary, etc. | El modelo puesto al servicio de la reconstrucción del eje cafetero es ejemplar y digno de repetirse en situaciones similares en otros países: digno también de explorarse como un nuevo |
| 650 14 - SUBJECT ADDED ENTRY--TOPICAL TERM | |
| Topical term or geographic name entry element | Planificación regional |
| Geographic subdivision | Eje Cafetero (Colombia) |
| 9 (RLIN) | 10742 |
| 650 14 - SUBJECT ADDED ENTRY--TOPICAL TERM | |
| Topical term or geographic name entry element | Desarrollo regional |
| Geographic subdivision | Eje Cafetero (Colombia) |
| 9 (RLIN) | 10743 |
| 651 #4 - SUBJECT ADDED ENTRY--GEOGRAPHIC NAME | |
| Geographic name | Eje Cafetero (Región) |
| General subdivision | condiciones económicas |
| 9 (RLIN) | 10744 |
| 700 1# - ADDED ENTRY--PERSONAL NAME | |
| Personal name | Cossio, Fernando A., |
| Relator term | autor |
| 9 (RLIN) | 10745 |
| 700 1# - ADDED ENTRY--PERSONAL NAME | |
| Personal name | Pastrana Arango, Andrés, |
| Relator term | autor |
| 9 (RLIN) | 7459 |
| 942 ## - ADDED ENTRY ELEMENTS (KOHA) | |
| Source of classification or shelving scheme | Dewey Decimal Classification |
| Koha item type | Books |
| Withdrawn status | Lost status | Source of classification or shelving scheme | Damaged status | Not for loan | Collection code | Home library | Current library | Date acquired | Source of acquisition | Full call number | Barcode | Date last seen | Copy number | Koha item type | Shelving location | Total Checkouts | Price effective from |
|---|---|---|---|---|---|---|---|---|---|---|---|---|---|---|---|---|---|
| Dewey Decimal Classification | Non-fiction | Biblioteca Pública José María del Castillo y Rada | Biblioteca Pública José María del Castillo y Rada | 04/15/2018 | Donación | 918.613 / L168r | 430012249 | 05/16/2024 | Ej.1 | Books | |||||||
| Dewey Decimal Classification | Non-fiction | Biblioteca Pública José María del Castillo y Rada | Biblioteca Pública José María del Castillo y Rada | 04/15/2018 | Donación | 918.613 / L168r | 201810698 | 03/02/2021 | Ej.1 | Books | Audio Visual | 03/02/2021 |